Statistics for Title in the Lyrics - Eurovison

Click here to take the quiz!

General Stats

  • This quiz has been taken 63 times
  • The average score is 13 of 20

Answer Stats

Song Lyric% Correct
Small-town boy in a big {arcade} / I got addicted to a losing game
89%
I see your {spirit} {in} {the} {sky} / When northern lights are dancing
80%
How many times can we break the rules between us? / {Only} {Teardrops}
75%
I'm in love with a {fairytale} / Even though it hurts
75%
When the darkness hits, and we can't be saved / We ram-di-dam-dam-dam / {We} {will} {rave}
75%
Make me {dizzy} from your kisses / Will you take my hand and spin me
72%
My, my / At {Waterloo}, Napoleon did surrender
70%
{Euphoria} Forever, 'til the end of time / From now on, only you and I
69%
Can't go a minute without your love / Like a {satellite}, I'm in an orbit all the way around you
67%
You're the one / You are {my} {number} {one} / The only treasure I'll ever have
64%
They said, "Just {snap} your fingers" / As if it was really that easy for me to get over you
62%
{If} {love} {was} {a} {crime}, then we would be criminals / Locked up for life, but I'll do the time
61%
Can you feel the rhythm in my heart? / The beat's going {düm} {tek} {tek}
59%
I'm a {golden} {boy}, come here to enjoy / I'm the king of fun, let me show you how we do it
59%
Now I'm gonna show ya, show ya / How I be getting down, {solo}
59%
I know that I am over you / At last I know what I should do / {Undo} my sad
57%
{Rise} {like} {a} {phoenix} / Out of the ashes seeking rather than vengeance
56%
{Hold} {me} {closer} / Although you'll leave before the sunrise
52%
{Cleopatra} was a queen like me / Just like me, yeah, just like me
44%
Baby I can't wait to know / What do you {think} {about} {things}
43%

Score Distribution

Percentile by Number Answered

Percent of People with Each Score

Your Score History

You have not taken this quiz